000 00608nam a2200229Ia 4500
008 180523s9999 xx 000 0 und d
020 _a0-8053-7613-5-L
050 _aMAIN QR 41.2
050 _b.T67 2004
100 _aTortora, Gerard J.
245 0 _aMicrobiology :
245 3 _ban introduction /
245 0 _cGerard J. Tortora, Berdell R. Funke, Christine L. Case.
250 _a8th Edition
260 _aSingapore :
260 _bPearson Education South Asia,
260 _c2004
300 _a898 pages :
300 _c26 cm.
500 _aIncludes index.
650 _aMicrobiology.
999 _c357599
_d357599